000 00182 a2200097 4500
020 _a0439376491
041 _aspa
100 _aScholastic
245 _aVisual dictionary
942 _cBK
999 _c9675
_d9675